000
00319nam a2200133Ia 4500
008
240624s9999 xx 000 0 und d
041
_a
eng
082
_a
823 GRI
100
_a
GRISHAM JOHN
245
_a
ACCUSED THEODORE BOONE
260
_c
2012
_a
New Delhi
_b
Hodder
300
_a
271 : p. : cm. ; 18
365
_c
RS
_b
25
999
_c
19837
_d
19837